Practical Assignments in Manufacturing Engineering (Record no. 6952)

MARC details
000 -LEADER
fixed length control field 00429nam a2200157Ia 4500
008 - FIXED-LENGTH DATA ELEMENTS--GENERAL INFORMATION
fixed length control field 221030s9999 xx 000 0 und d
041 ## - LANGUAGE CODE
Language code of text/sound track or separate title
082 ## - DEWEY DECIMAL CLASSIFICATION NUMBER
Classification number 105.23
Item number Kum
100 ## - MAIN ENTRY--AUTHOR NAME
Personal name S. Kumar
245 #0 - TITLE STATEMENT
Title Practical Assignments in Manufacturing Engineering
Statement of responsibility, etc by S. Kumar, A. A. Bahashawan
260 ## - PUBLICATION, DISTRIBUTION, ETC. (IMPRINT)
Name of publisher Dhanpat Rai Pub
Place of publication New Delhi
Year of publication 2000
300 ## - PHYSICAL DESCRIPTION
Number of Pages 236
650 ## - SUBJECT ADDED ENTRY--TOPICAL TERM
Topical Term Mechanical
700 ## - ADDED ENTRY--PERSONAL NAME
Personal name A. A. Bahashawan
942 ## - ADDED ENTRY ELEMENTS (KOHA)
Koha item type Books
Holdings
Accession Number Cost, normal purchase price Full call number Price effective from Koha item type Withdrawn / writtenoff status Materials specified (bound volume or other part) Damaged status Not for loan Permanent Location Current Location Shelving location Date acquired Lost/ Missing status department
BE 2867 45.00 105.23 Kum 10/30/2022 Books   Print     MIET Library, Jammu MIET Library, Jammu BL-Academic Block - C, FL-2, CUP-52, SH-1, R-1 03/12/2001   BE
BE 2870 45.00 105.23 Kum 10/30/2022 Books   Print   Not For Loan MIET Library, Jammu MIET Library, Jammu BL-Second, FL-1, CUP-71, SH-5, R-5 03/12/2001   BE
BE 2869 45.00 105.23 Kum 10/30/2022 Books   Print     MIET Library, Jammu MIET Library, Jammu BL-Academic Block -, FL-, CUP-52, SH-1, R-1 03/12/2001   BE